| 000 | 006970000a22002410004500 | ||
|---|---|---|---|
| 003 | LK-CoMWRAF | ||
| 005 | 20231024144155.0 | ||
| 008 | 230817t1988 ||||| |||| 00| 0 eng d | ||
| 020 | _a8185265038 | ||
| 040 |
_aLK-CoMWRAF _dLK-CoMWRAF _eLK-CoMWRAF |
||
| 041 | _aeng | ||
| 082 |
_a297 _bGAZ |
||
| 100 | _aGazzali, Imam Al | ||
| 245 | _aThe Book of Knowledge | ||
| 260 |
_aDelhi: _bInternational Islamic Publishers, _c1988 |
||
| 300 |
_axvi. 244 p. _bBibliography and index included |
||
| 650 | _aRELIGION-Islam-General | ||
| 650 | _aIslam ethics | ||
| 650 | _aIslam philosophy | ||
| 700 |
_aFaris, Nabih Amin _etrans. |
||
| 856 | _uhttps://ghazali.org/books/knowledge.pdf | ||
| 942 | _cBK | ||
| 999 |
_c1262 _d1262 |
||